Islam og den islamske verden - Fakta og begreper - Statistics

General Stats
  • This quiz has been taken 763 times
    94 since last reset
  • The average score is 19 of 58
Answer Stats
Hint Answer % Correct
Grunnleggeren og den siste profeten av islam Muhammad
98%
Det arabiske ordet for Gud (også Guds navn) Allah
96%
Den hellige boken i islam Koranen
94%
Den største retningen innenfor islam, med 1.4 milliarder tilhengere Sunni
73%
Den nest største retningen innenfor islam, med 200 millioner tilhengere Shia
69%
Et islamsk gudshus Moské (eller Masjid)
59%
Den niende måneden i den islamske kalenderen, når man skal faste Ramadan
53%
Det man kaller kapitlene i Koranen Sure
53%
Muhammads nære fetter og svigersønn, svært viktig i shia-islam Ali
51%
De to helligste byene i islam, fødebyen til Muhammad og byen han flyktet til Mekka og Medina
51%
Guds lov Sharia
51%
Tittelen til ordinære bønneledere i sunni-islam, men kun visse av etterkommerne til Muhammad og Ali i shia-islam (dvs. Ali er den 1.) Imam
49%
Arabisk for tillatt og forbudt Halal og Haram
43%
Den kube-formede bygningen i Mekka, den helligste bygningen i islam Kaba
41%
Muhammads datter og gift med hans fetter, svært viktig i shia-islam Fatima
39%
En individuell fortelling om noe Profeten sa eller gjorde (som det finnes tusenvis av) Hadith
39%
Ord som betyr anstrengelse for å bli en bedre muslim (store) og forsvar av islam (lille), siste brukt for hellig krig av islamske terrorister Jihad
39%
Hjørnesteinene i religiøs praksis som muslimer må overholde De fem søylene
37%
Det islamske bønneritualet som gjennomføres fem ganger daglig i retning mot Kaba i Mekka Salah (noen ganger stavet Salat)
37%
Avslutningsfesten på fasten under Ramadan Id al-fitr (lille id)
35%
Arabisk for trosbekjennelsen Shahada
35%
Den obligatoriske veldedighetsskatten på 2,5 % Zakat (noen ganger stavet Zakah)
35%
Den eneste islamistiske staten, etter revolusjonen der i 1979 Iran
33%
Islamsk mystikk Sufisme
33%
Pilegrimsreisen til Mekka Hajj
31%
Tittelen til den politiske lederen av sunni-islam etter Muhammads død Kalif
31%
Det arabiske navnet på engelen Gabriel Jibril
29%
Fullfør trosbekjennelsen: Det er ingen gud utenom Allah Og Muhammad er hans profet
29%
Det eneveldige kongedømmet som praktiserer en puritansk islam Saudi-Arabia
29%
Fellesbetegnelse på den normative arven eller tradisjonen etter Muhammad, basert på hva han sa og gjorde (som ordet sunni kommer fra), gjenfortalt i hadither Sunnah
29%
Det man i moderne tid kaller politisk islam, ønsket om å la staten styres etter islamske verdier og lover Islamisme
27%
Navnet som vestlige ofte bruker om den strenge praktiseringen av islam i Saudi-Arabia, oppkalt etter 1700-tallsmannen Ibn Abd al-Wahhab Wahhabi
27%
Det jøder og kristne blir kalt i Koranen Bokens folk
24%
Avslutningsfesten på pilegrimsreisen til Mekka (om man dro eller ikke), som skal minnes Abrahams lydighet til Gud Id al-adha (store id)
24%
Det universelle muslimske fellesskapet Ummah
22%
Den første kalifen etter Muhammads død Abu Bakr
20%
Den vestlige betegnelsen på islamsk terrorisme Jihadisme
20%
De islamske lærde som gruppe Ulama
20%
Tittelen til de høyest utdannede lærde i shia-islam Ayatollah
18%
Den første islamistiske organisasjonen, grunnlagt av Hassan al-Banna i Egypt, 1928 Det muslimske brorskap
18%
En uttalelse i et lovspørsmål, gjort av en rettslærd etter sin tolkning Fatwa
18%
Den nevnte flukten som markerer starten på islamsk tidsregning i 622 Hijra
18%
Den islamske strafferetten (altså de strenge straffene) Hudud
18%
Sunni-islam kan også deles inn i Hanafi, Maliki, Shafi'i og Hanbali, som har ulike tolkninger av Guds lov - altså disse er ulike... Lovskoler
18%
Ordet som moderne fundamentalistiske sunni-muslimer bruker om seg selv Salafi
18%
Fasten under Ramadan Sawm
18%
En nyere retning innenfor islam, grunnlagt av Mirza Ghulam Ahmad i India (har kanskje 20 millioner tilhengere) Ahmadiyya/Ahmadi
16%
Det muslimer må tro på De seks trosartiklene
12%
Tårnet som en bønneroper kaller til bønn fra Minaret
12%
Tittelen som mange rettslærde bruker Mufti
12%
Den vanligste undersekten i shia-islam (oppkalt etter antallet imamer de tror på) Tolver
12%
Den åttekantede bygningen som er en muslimsk helligdom bygd på den gamle tempelhøyden i Jerusalem Klippedomen
10%
Nytolking av islam som passer med moderne tid, og som fremmer toleranse Islamsk modernisme
8%
Lederen av den iranske revolusjonen i 1979 som fjernet sjahen (keiseren) Khomeini
8%
Det man kaller hendelsen da Muhammad skal ha blitt flydd til Jerusalem, og deretter steget til himmelen for å møte Gud Nattreisen (himmelreisen)
8%
Sahih Bukhari og Sahih Muslim er veldig mye brukt, og de er to... Hadith-samlinger
4%
De arabiske (og dermed islamske) navnene for paradiset og helvete Jannah og Jahannam
4%
De messianske figurene som skal dukke opp i endetiden før dommedag, ifølge islamsk eskatologi (lære om endetiden) Mahdi og Jesus
2%
No matching quizzes found
Score Distribution
Percent of People with Each Score
Percentile by Number Answered
Your Score History
You have not taken this quiz since the last reset